LDR 00923nam a2200229 i 4500 001 000000017643 003 CaOOAMICUS 005 20260424122521.0 008 180830s1923 it u000 u ita u 040 $aSeMil$bita 100 1 $aDella Corte, Andrea,$d<1883-1968>.$0(OLS)http://semarc/name/6311 245 12$aL'opera comica italiana nel '700 :$bstudi e appunti /$cAndrea Della Corte. 264 1$aBari :$bLaterza & Figli,$c1923. 300 $a2 v. ;$c21 cm. 490 1 $aBiblioteca di cultura moderna 650 4$aTeatro comico - Italia - Sec. 18.$0(OLS)http://semarc/subject/39372 774 0 $tVol. 1.$w()73993 774 0 $tVol. 2.$w()160848 830 0$aBiblioteca di cultura moderna.$0(OLS)http://semarc/title/639 996 $6245$aL'opera comica italiana nel '700 :$bstudi e appunti$9(OLS)http://semarc/title/23296 996 $6264$aBari :$bLaterza & Figli$9(OLS)http://semarc/publisher/29663